Statistics for Countries Indira Gandhi visited

Click here to take the quiz!

General Stats

  • This quiz has been taken 38 times
  • The average score is 40 of 64

Answer Stats

ContinentCountry% Correct
OceaniaAustralia
89%
South AmericaBrazil
89%
EuropeUnited Kingdom
85%
AsiaBangladesh
81%
North AmericaCanada
81%
South AmericaChile
81%
AsiaJapan
81%
North AmericaUnited States of America
81%
South AmericaArgentina
78%
EuropeFrance
78%
North AmericaMexico
78%
OceaniaNew Zealand
78%
AfricaEgypt
74%
AsiaIran
74%
AsiaIraq
74%
AsiaNepal
74%
AsiaSaudi Arabia
74%
AsiaUnited Arab Emirates
74%
AsiaAfghanistan
70%
AsiaBhutan
70%
AsiaSri Lanka
70%
EuropeSwitzerland
70%
South AmericaVenezuela
70%
EuropeBelgium
67%
South AmericaColombia
67%
EuropeDenmark
67%
EuropeGermany
67%
AsiaIndonesia
67%
Asia/ EuropeRussia
67%
EuropeSweden
67%
AsiaThailand
67%
EuropeAustria
63%
OceaniaFiji
63%
EuropeFinland
63%
EuropePoland
63%
AfricaAlgeria
59%
Europe Bulgaria
59%
South AmericaGuyana
59%
EuropeItaly
59%
AfricaKenya
59%
EuropeNorway
59%
EuropeRomania
59%
Asia/ EuropeSoviet Union
59%
South AmericaUruguay
59%
EuropeCyprus
56%
EuropeHungary
56%
AsiaMalaysia
56%
AsiaSingapore
56%
AfricaLibya
52%
AfricaZimbabwe
52%
EuropeCzechoslovakia
48%
AfricaTanzania
48%
AfricaZambia
48%
North AmericaJamaica
44%
AsiaKuwait
44%
AsiaLebanon
44%
OceaniaTonga
44%
North AmericaTrinidad and Tobago
44%
EuropeYugoslavia
44%
AfricaMauritius
41%
Asiathe Maldives
41%
AfricaTunisia
41%
AfricaMozambique
37%
AfricaSeychelles
26%

Score Distribution

Percentile by Number Answered

Percent of People with Each Score

Your Score History

You have not taken this quiz